La necesitá della conscenza del Italiano per comunicazione nel´ambiente economico del paese

Veľké náklady na pobyt v Taliansku. Malé jazykové schopnosti domácich obyvateľov vyjadrovať sa v cudzom jazyku. Taliansko ako krajina, ktorá fascinuje mladých, má charizmu. Pohodlnosť talianskeho etnika. Použiť čo najmenej prácne techniky na dosiahnutie cieľa. Extrémna tolerancia a trpezlivosť Talia...

Ausführliche Beschreibung

Gespeichert in:
Bibliographische Detailangaben
1. Verfasser: Vita, Tiziano
Format: Buchkapitel
Sprache:Italienisch
Schlagworte:
Tags: Tag hinzufügen
Keine Tags, Fügen Sie das erste Tag hinzu!

MARC

LEADER 00000naa$a2200000$$$4500
001 0084001
005 20240502071938.7
041 0 |a ita 
044 |a SK 
245 1 0 |a La necesitá della conscenza del Italiano per comunicazione nel´ambiente economico del paese  |c Tiziano Vita 
520 |a Veľké náklady na pobyt v Taliansku. Malé jazykové schopnosti domácich obyvateľov vyjadrovať sa v cudzom jazyku. Taliansko ako krajina, ktorá fascinuje mladých, má charizmu. Pohodlnosť talianskeho etnika. Použiť čo najmenej prácne techniky na dosiahnutie cieľa. Extrémna tolerancia a trpezlivosť Talianov voči neperfektnej taliančine cudzincov. 
610 2 0 |a komunikácia 
610 2 0 |a jazyky cudzie 
610 2 0 |a taliančina 
610 2 0 |a správanie 
100 1 |a Vita, Tiziano